|
|
|
|
| LEADER |
01488nam a2200373 i 4500 |
| 001 |
001568440 |
| 003 |
CZ BrMZK |
| 005 |
20170323103623.0 |
| 007 |
ta |
| 008 |
170315s1991 xr e f 000 0 cze |
| 020 |
|
|
|q (Brožováno)
|
| 040 |
|
|
|a BOA001
|b cze
|e rda
|
| 072 |
|
7 |
|a 338.3/.4
|x Hospodářská a výrobní odvětví
|2 Konspekt
|9 4
|
| 080 |
|
|
|a 338.483
|2 MRF
|
| 080 |
|
|
|a (035)
|2 MRF
|
| 100 |
1 |
|
|a Dokoupil, Jaroslav,
|d 1959-
|7 jo20010086948
|4 aut
|
| 245 |
1 |
0 |
|a Geografie světového cestovního ruchu /
|c editor: Stanislav Mirvald ; autoři: Jaroslav Dokoupil, Zuzana Houdková, Alena Matušková, Stanislav Mirvald, Marie Novotná, Jiří Suda
|
| 250 |
|
|
|a 2. upravené vydání
|
| 264 |
|
1 |
|a Plzeň :
|b Akademie Jana Ámose Komenského,
|c 1991
|
| 300 |
|
|
|a 41 listů ;
|c 29 cm
|
| 336 |
|
|
|a text
|b txt
|2 rdacontent
|
| 337 |
|
|
|a bez média
|b n
|2 rdamedia
|
| 338 |
|
|
|a svazek
|b nc
|2 rdacarrier
|
| 650 |
0 |
7 |
|a geografie cestovního ruchu
|7 ph120519
|2 czenas
|
| 655 |
|
7 |
|a příručky
|7 fd133209
|2 czenas
|
| 700 |
1 |
|
|a Houdková, Zuzana
|7 pna2010592472
|4 aut
|
| 700 |
1 |
|
|a Matušková, Alena,
|d 1954-
|7 jo20010086949
|4 aut
|
| 700 |
1 |
|
|a Mirvald, Stanislav,
|d 1940-2002
|7 jn20001227443
|4 aut
|4 edt
|
| 700 |
1 |
|
|a Novotná, Marie,
|d 1953-
|7 jo20010086947
|4 aut
|
| 700 |
1 |
|
|a Suda, Jiří,
|d 1951-
|7 jo20010086955
|4 aut
|
| 910 |
|
|
|a BOA001
|b 4-1385.328
|
| 990 |
|
|
|a BK
|
| 991 |
|
|
|b 201703
|c NOV
|
| 996 |
6 |
|
|b 2610701177
|c 4-1385.328
|l MZK
|r Sklad / do 1 hodiny
|n 0
|p dar
|w 001603879
|u 000010
|a 1
|e BOA001
|j MZK50
|s P
|